<?xml version="1.0" encoding="UTF-8"?>
<record
    xmlns:xsi="http://www.w3.org/2001/XMLSchema-instance"
    xsi:schemaLocation="http://www.loc.gov/MARC21/slim http://www.loc.gov/standards/marcxml/schema/MARC21slim.xsd"
    xmlns="http://www.loc.gov/MARC21/slim">

  <leader>00488nam a2200181   4500</leader>
  <controlfield tag="003">SEACOMEC</controlfield>
  <controlfield tag="005">20240130151810.0</controlfield>
  <controlfield tag="008">240130b        |||||||| |||| 00| 0 eng d</controlfield>
  <datafield tag="020" ind1=" " ind2=" ">
    <subfield code="c">Rs.150.00</subfield>
  </datafield>
  <datafield tag="040" ind1=" " ind2=" ">
    <subfield code="a">SEACOMEC</subfield>
  </datafield>
  <datafield tag="082" ind1=" " ind2=" ">
    <subfield code="a">004.01</subfield>
    <subfield code="b">L579</subfield>
  </datafield>
  <datafield tag="100" ind1=" " ind2=" ">
    <subfield code="a">Leon,Alexis</subfield>
  </datafield>
  <datafield tag="245" ind1="1" ind2=" ">
    <subfield code="a">Fundamentals of information technology</subfield>
    <subfield code="c">Alexis Leon,Mathews Leon</subfield>
  </datafield>
  <datafield tag="260" ind1=" " ind2=" ">
    <subfield code="a">Chennai</subfield>
    <subfield code="b">Leon Technoworld</subfield>
    <subfield code="c">1999</subfield>
  </datafield>
  <datafield tag="650" ind1=" " ind2=" ">
    <subfield code="a">Computer science,, information</subfield>
  </datafield>
  <datafield tag="700" ind1=" " ind2=" ">
    <subfield code="a">Leon,Mathews</subfield>
  </datafield>
  <datafield tag="942" ind1=" " ind2=" ">
    <subfield code="c">BOOK</subfield>
  </datafield>
  <datafield tag="952" ind1=" " ind2=" ">
    <subfield code="0">0</subfield>
    <subfield code="1">0</subfield>
    <subfield code="2">ddc</subfield>
    <subfield code="4">0</subfield>
    <subfield code="7">0</subfield>
    <subfield code="a">SEACOMEC</subfield>
    <subfield code="b">SEACOMEC</subfield>
    <subfield code="d">2006-06-06</subfield>
    <subfield code="l">0</subfield>
    <subfield code="o">004.01 L579</subfield>
    <subfield code="p">1972</subfield>
    <subfield code="r">2024-01-30 15:18:49</subfield>
    <subfield code="w">2024-01-30</subfield>
    <subfield code="y">BOOK</subfield>
  </datafield>
  <datafield tag="952" ind1=" " ind2=" ">
    <subfield code="0">0</subfield>
    <subfield code="1">0</subfield>
    <subfield code="2">ddc</subfield>
    <subfield code="4">0</subfield>
    <subfield code="7">0</subfield>
    <subfield code="a">SEACOMEC</subfield>
    <subfield code="b">SEACOMEC</subfield>
    <subfield code="d">2006-06-11</subfield>
    <subfield code="l">0</subfield>
    <subfield code="o">004.01 L579</subfield>
    <subfield code="p">3555</subfield>
    <subfield code="r">2024-06-24 13:46:44</subfield>
    <subfield code="t">1</subfield>
    <subfield code="w">2024-06-24</subfield>
    <subfield code="y">BOOK</subfield>
  </datafield>
  <datafield tag="952" ind1=" " ind2=" ">
    <subfield code="0">0</subfield>
    <subfield code="1">0</subfield>
    <subfield code="2">ddc</subfield>
    <subfield code="4">0</subfield>
    <subfield code="7">0</subfield>
    <subfield code="a">SEACOMEC</subfield>
    <subfield code="b">SEACOMEC</subfield>
    <subfield code="d">2006-06-11</subfield>
    <subfield code="l">0</subfield>
    <subfield code="o">004.01 L579</subfield>
    <subfield code="p">3556</subfield>
    <subfield code="r">2024-06-24 13:46:44</subfield>
    <subfield code="t">2</subfield>
    <subfield code="w">2024-06-24</subfield>
    <subfield code="y">BOOK</subfield>
  </datafield>
  <datafield tag="952" ind1=" " ind2=" ">
    <subfield code="0">0</subfield>
    <subfield code="1">0</subfield>
    <subfield code="2">ddc</subfield>
    <subfield code="4">0</subfield>
    <subfield code="7">0</subfield>
    <subfield code="a">SEACOMEC</subfield>
    <subfield code="b">SEACOMEC</subfield>
    <subfield code="d">2006-06-11</subfield>
    <subfield code="l">0</subfield>
    <subfield code="o">004.01 L579</subfield>
    <subfield code="p">3557</subfield>
    <subfield code="r">2024-06-24 13:46:44</subfield>
    <subfield code="t">3</subfield>
    <subfield code="w">2024-06-24</subfield>
    <subfield code="y">BOOK</subfield>
  </datafield>
  <datafield tag="952" ind1=" " ind2=" ">
    <subfield code="0">0</subfield>
    <subfield code="1">0</subfield>
    <subfield code="2">ddc</subfield>
    <subfield code="4">0</subfield>
    <subfield code="7">0</subfield>
    <subfield code="a">SEACOMEC</subfield>
    <subfield code="b">SEACOMEC</subfield>
    <subfield code="d">2006-06-11</subfield>
    <subfield code="l">0</subfield>
    <subfield code="o">004.01 L579</subfield>
    <subfield code="p">3558</subfield>
    <subfield code="r">2024-06-24 13:46:44</subfield>
    <subfield code="t">4</subfield>
    <subfield code="w">2024-06-24</subfield>
    <subfield code="y">BOOK</subfield>
  </datafield>
  <datafield tag="952" ind1=" " ind2=" ">
    <subfield code="0">0</subfield>
    <subfield code="1">0</subfield>
    <subfield code="2">ddc</subfield>
    <subfield code="4">0</subfield>
    <subfield code="7">0</subfield>
    <subfield code="a">SEACOMEC</subfield>
    <subfield code="b">SEACOMEC</subfield>
    <subfield code="d">2006-06-11</subfield>
    <subfield code="l">0</subfield>
    <subfield code="o">004.01 L579</subfield>
    <subfield code="p">3559</subfield>
    <subfield code="r">2024-06-24 13:46:44</subfield>
    <subfield code="t">5</subfield>
    <subfield code="w">2024-06-24</subfield>
    <subfield code="y">BOOK</subfield>
  </datafield>
  <datafield tag="952" ind1=" " ind2=" ">
    <subfield code="0">0</subfield>
    <subfield code="1">0</subfield>
    <subfield code="2">ddc</subfield>
    <subfield code="4">0</subfield>
    <subfield code="7">0</subfield>
    <subfield code="a">SEACOMEC</subfield>
    <subfield code="b">SEACOMEC</subfield>
    <subfield code="d">2006-06-11</subfield>
    <subfield code="l">0</subfield>
    <subfield code="o">004.01 L579</subfield>
    <subfield code="p">3560</subfield>
    <subfield code="r">2024-06-24 13:46:44</subfield>
    <subfield code="t">6</subfield>
    <subfield code="w">2024-06-24</subfield>
    <subfield code="y">BOOK</subfield>
  </datafield>
  <datafield tag="952" ind1=" " ind2=" ">
    <subfield code="0">0</subfield>
    <subfield code="1">0</subfield>
    <subfield code="2">ddc</subfield>
    <subfield code="4">0</subfield>
    <subfield code="7">0</subfield>
    <subfield code="a">SEACOMEC</subfield>
    <subfield code="b">SEACOMEC</subfield>
    <subfield code="d">2006-06-11</subfield>
    <subfield code="l">0</subfield>
    <subfield code="o">004.01 L579</subfield>
    <subfield code="p">3561</subfield>
    <subfield code="r">2024-06-24 13:46:44</subfield>
    <subfield code="t">7</subfield>
    <subfield code="w">2024-06-24</subfield>
    <subfield code="y">BOOK</subfield>
  </datafield>
  <datafield tag="952" ind1=" " ind2=" ">
    <subfield code="0">0</subfield>
    <subfield code="1">0</subfield>
    <subfield code="2">ddc</subfield>
    <subfield code="4">0</subfield>
    <subfield code="7">0</subfield>
    <subfield code="a">SEACOMEC</subfield>
    <subfield code="b">SEACOMEC</subfield>
    <subfield code="d">2006-06-11</subfield>
    <subfield code="l">0</subfield>
    <subfield code="o">004.01 L579</subfield>
    <subfield code="p">3562</subfield>
    <subfield code="r">2024-06-24 13:46:44</subfield>
    <subfield code="t">8</subfield>
    <subfield code="w">2024-06-24</subfield>
    <subfield code="y">BOOK</subfield>
  </datafield>
  <datafield tag="952" ind1=" " ind2=" ">
    <subfield code="0">0</subfield>
    <subfield code="1">0</subfield>
    <subfield code="2">ddc</subfield>
    <subfield code="4">0</subfield>
    <subfield code="7">0</subfield>
    <subfield code="a">SEACOMEC</subfield>
    <subfield code="b">SEACOMEC</subfield>
    <subfield code="d">2006-06-11</subfield>
    <subfield code="l">0</subfield>
    <subfield code="o">004.01 L579</subfield>
    <subfield code="p">3563</subfield>
    <subfield code="r">2024-06-24 13:46:44</subfield>
    <subfield code="t">9</subfield>
    <subfield code="w">2024-06-24</subfield>
    <subfield code="y">BOOK</subfield>
  </datafield>
  <datafield tag="952" ind1=" " ind2=" ">
    <subfield code="0">0</subfield>
    <subfield code="1">0</subfield>
    <subfield code="2">ddc</subfield>
    <subfield code="4">0</subfield>
    <subfield code="7">0</subfield>
    <subfield code="a">SEACOMEC</subfield>
    <subfield code="b">SEACOMEC</subfield>
    <subfield code="d">2006-06-11</subfield>
    <subfield code="l">0</subfield>
    <subfield code="o">004.01 L579</subfield>
    <subfield code="p">3564</subfield>
    <subfield code="r">2024-06-24 13:46:44</subfield>
    <subfield code="t">10</subfield>
    <subfield code="w">2024-06-24</subfield>
    <subfield code="y">BOOK</subfield>
  </datafield>
  <datafield tag="952" ind1=" " ind2=" ">
    <subfield code="0">0</subfield>
    <subfield code="1">0</subfield>
    <subfield code="2">ddc</subfield>
    <subfield code="4">0</subfield>
    <subfield code="7">0</subfield>
    <subfield code="a">SEACOMEC</subfield>
    <subfield code="b">SEACOMEC</subfield>
    <subfield code="d">2007-02-10</subfield>
    <subfield code="l">0</subfield>
    <subfield code="o">004.01 L579</subfield>
    <subfield code="p">5869</subfield>
    <subfield code="r">2024-06-24 13:47:29</subfield>
    <subfield code="t">11</subfield>
    <subfield code="w">2024-06-24</subfield>
    <subfield code="y">BOOK</subfield>
  </datafield>
  <datafield tag="952" ind1=" " ind2=" ">
    <subfield code="0">0</subfield>
    <subfield code="1">0</subfield>
    <subfield code="2">ddc</subfield>
    <subfield code="4">0</subfield>
    <subfield code="7">0</subfield>
    <subfield code="a">SEACOMEC</subfield>
    <subfield code="b">SEACOMEC</subfield>
    <subfield code="d">2007-02-10</subfield>
    <subfield code="l">0</subfield>
    <subfield code="o">004.01 L579</subfield>
    <subfield code="p">5870</subfield>
    <subfield code="r">2024-06-24 13:47:29</subfield>
    <subfield code="t">12</subfield>
    <subfield code="w">2024-06-24</subfield>
    <subfield code="y">BOOK</subfield>
  </datafield>
  <datafield tag="952" ind1=" " ind2=" ">
    <subfield code="0">0</subfield>
    <subfield code="1">0</subfield>
    <subfield code="2">ddc</subfield>
    <subfield code="4">0</subfield>
    <subfield code="7">0</subfield>
    <subfield code="a">SEACOMEC</subfield>
    <subfield code="b">SEACOMEC</subfield>
    <subfield code="d">2007-02-10</subfield>
    <subfield code="l">0</subfield>
    <subfield code="o">004.01 L579</subfield>
    <subfield code="p">5871</subfield>
    <subfield code="r">2024-06-24 13:47:29</subfield>
    <subfield code="t">13</subfield>
    <subfield code="w">2024-06-24</subfield>
    <subfield code="y">BOOK</subfield>
  </datafield>
  <datafield tag="952" ind1=" " ind2=" ">
    <subfield code="0">0</subfield>
    <subfield code="1">0</subfield>
    <subfield code="2">ddc</subfield>
    <subfield code="4">0</subfield>
    <subfield code="7">0</subfield>
    <subfield code="a">SEACOMEC</subfield>
    <subfield code="b">SEACOMEC</subfield>
    <subfield code="d">2007-02-10</subfield>
    <subfield code="l">0</subfield>
    <subfield code="o">004.01 L579</subfield>
    <subfield code="p">5872</subfield>
    <subfield code="r">2024-06-24 13:47:29</subfield>
    <subfield code="t">14</subfield>
    <subfield code="w">2024-06-24</subfield>
    <subfield code="y">BOOK</subfield>
  </datafield>
  <datafield tag="952" ind1=" " ind2=" ">
    <subfield code="0">0</subfield>
    <subfield code="1">0</subfield>
    <subfield code="2">ddc</subfield>
    <subfield code="4">0</subfield>
    <subfield code="7">0</subfield>
    <subfield code="a">SEACOMEC</subfield>
    <subfield code="b">SEACOMEC</subfield>
    <subfield code="d">2007-02-10</subfield>
    <subfield code="l">0</subfield>
    <subfield code="o">004.01 L579</subfield>
    <subfield code="p">5873</subfield>
    <subfield code="r">2024-06-24 13:47:29</subfield>
    <subfield code="t">15</subfield>
    <subfield code="w">2024-06-24</subfield>
    <subfield code="y">BOOK</subfield>
  </datafield>
  <datafield tag="999" ind1=" " ind2=" ">
    <subfield code="c">548</subfield>
    <subfield code="d">548</subfield>
  </datafield>
</record>
